Constituição da República Federativa do Brasil : (Record no. 1142)

MARC details
000 -LÍDER
Campo Fixo de Controle 01419nam a2200337 a 4500
001 - NÚMERO DE CONTROLE
Campo de Controle 1142
003 - IDENTIFICAÇÃO DO NÚMERO DE CONTROLE
Campo de Controle BR-CuiBMT
005 - DATA E HORA DA ÚLTIMA ATUALIZAÇÃO
Campo de Controle 20231130161552.0
008 - DADOS FIXOS
Dados Fixos 231121s2011 spb 001 0 por d
020 ## - INTERNATIONAL STANDARD BOOK NUMBER
Nº do ISBN 9788502104433
040 ## - AGÊNCIA CATALOGADORA
Código da Agência Catalogadora BR-CuiBMT
Agência que transcreveu o registro BR-CuiBMT
080 ## - Nº DA CLASSIFICAÇÃO DECIMAL UNIVERSAL
Nº edição CDU 2007
Nº Class. CDU 342.4
Subd. Auxiliar Comum (81)
-- "1988"
090 ## - NÚMERO DE CHAMADA
Nº classificação 342.4(81)"1988"
Cutter B823c
Ano/Edição 45. ed.
110 1# - ENTRADA PRINCIPAL -- ENTIDADE
Nome da entidade ou lugar Brasil
240 10 - TÍTULO UNIFORME/ORIGINAL
Título original Constituição (1988)
245 10 - TÍTULO PRINCIPAL
Título principal Constituição da República Federativa do Brasil :
Subtítulo promulgada em 5 de outubro de 1988 /
Indicação de responsabilidade colaboradores Antonio Luiz de Toledo Pinto, Márcia Cristina Vaz dos Santos Windt e Lívia Céspedes.
250 ## - EDIÇÃO
Edição 45. ed., atual. e ampl.
260 ## - PUBLICAÇÃO, DISTRIBUIÇÃO, ETC.
Local de publicação São Paulo :
Editora Saraiva,
Data 2011.
300 ## - DESCRIÇÃO FÍSICA
N. páginas ou volumes 441 p. ;
Dimensões 21cm
490 1# - INDICAÇÃO DE SÉRIE
Título da série Coleção Saraiva de legislação
500 ## - NOTAS GERAIS
Notas gerais "Íntegra da emendas constitucionais; Textos originais dos artigos alterados (adendo especial); Novas notas remissivas; Índice sistemático, cronológico e alfabético-remissivo; Súmulas vinculantes".
500 ## - NOTAS GERAIS
Notas gerais Atualizada até a emenda constitucional n. 67 de 22.12.2010.
504 ## - NOTA DE BIBLIOGRAFIA, ETC.
Nota de bibliografia Inclui índice.
650 ## - ASSUNTO TÓPICO
Cabeçalho tópico ou nome geográfico Direito constitucional
Subdivisão geográfica Brasil
650 ## - ASSUNTO TÓPICO
Cabeçalho tópico ou nome geográfico Constituição
Subdivisão cronológica 1988
Subdivisão geográfica Brasil
700 1# - ENTRADA SECUNDÁRIA -- NOME PESSOAL
Nome pessoal Pinto, Antonio Luiz de Toledo
Cód. do termo explicativo org.
700 1# - ENTRADA SECUNDÁRIA -- NOME PESSOAL
Nome pessoal Windt, Márcia Cristina Vaz dos Santos
Cód. do termo explicativo org.
700 1# - ENTRADA SECUNDÁRIA -- NOME PESSOAL
Nome pessoal Céspedes, Lívia
Cód. do termo explicativo org.
830 #0 - ENTRADA SECUNDÁRIA DE SÉRIE -- TÍTULO UNIFORME
Título uniforme Coleção Saraiva de legislação
942 ## - ELEMENTOS DE ENTRADA ADICIONAIS (KOHA)
Fonte de classificação ou esquema de arquivamento Classificação Decimal Universal
Tipo de item do Koha Livros
Holdings
Estado: removido Estado: perdido Fonte de classificação ou esquema de arquivamento Estado: danificado Indisponível para empréstimo Localização permanente Localização atual Data de aquisição Total Checkouts Número de Chamada completo Código de barras Date last seen Número do exemplar Preço efetivo a partir de Tipo de item (Koha)
    Classificação Decimal Universal     Biblioteca da Escola Superior de Contas do TCE/MT Biblioteca da Escola Superior de Contas do TCE/MT 29/11/2023   342.4(81)"1988" B823c 45. ed. BIBTCEMT23111330 29/11/2023 Ex. 1 29/11/2023 Livros

Powered by Koha